| 000 | 01040nam a22003257a 4500 | ||
|---|---|---|---|
| 003 | CHAP | ||
| 005 | 20220817042335.0 | ||
| 008 | 971013s1980 r 00010 d | ||
| 010 | _a41446 | ||
| 011 | _a42418 | ||
| 035 | _a46547 | ||
| 040 | _cCHAP | ||
| 082 |
_a636.5 _bE5 1980 |
||
| 100 | 0 | 0 |
_aEnsminger, Milton Eugene. _937104 |
| 245 | _aPoultry science | ||
| 250 | _a2 ed. | ||
| 260 |
_aDanville, Ill. : _bInterstate, _c1980 |
||
| 300 |
_a502 p. _b: ilus. |
||
| 490 | _aAnimal agriculture series | ||
| 590 |
_aBATCH-UPD _b10 _c20130110 _lUCH01 _h1759 |
||
| 590 |
_aCONVERSION _b10 _c20130109 _lUCH01 _h1323 |
||
| 650 | 1 | 4 |
_aAves de corral. _98636 |
| 650 | 1 | 4 | _aAvicultura. |
| 830 | 0 |
_aAnimal agriculture series _95847 |
|
| 901 | _aBK | ||
| 942 | _cLIBRO | ||
| 949 |
_a636.5 E5 1980 _bBC _cLIBRO _d33724000101853 _eLIBRO _fc.3 _h52853 _i46547 _si _t767.00 |
||
| 949 |
_a636.5 E5 1980 _bBC _cLIBRO _d33724000101861 _eLIBRO _fc.2 _h52852 _i46547 _si _t767.00 |
||
| 949 |
_a636.5 E5 1980 _bBC _cLIBRO _d33724000101879 _eLIBRO _h52851 _i46547 _si _t767.00 |
||
| 999 |
_c41446 _d41446 |
||